000 00649nam a2200229Ia 4500
003 GCL
008 140319s9999 xx 000 0 ara d
040 _aGCL /
_cGCL
082 0 4 _a759
_bس ا
100 1 _aجمال قطب
245 1 0 _aاشهر الرسامين والموسيقين العالمين /
_cجمال قطب
700 1 _aسعيد جودة السحار
260 _a[S.N] :
_bمكتبة مصر
300 _a157 ص
490 _a
650 0 4 _aالموسيقى
650 0 4 _aالفن
650 0 4 _aالفن والتاريخ
650 0 4 _aالرسامون
650 0 4 _aالموسيقيون - تراجم
942 _2ddc
_cBK
999 _c55969
_d55969